=LDR 00000nam 2200000 4500 =001 INLIS000000000032180 =005 20130612134211 =008 ***********************************ind** =035 ##$$0010-061300000032180 =041 ##$$a ind =082 ##$$a 657.03 =090 ##$$a 657.03, Sie k1 =100 ##$$a SIEGEL, Joel G =245 ##$$a Kamus Istilah Akuntansi, Joel G Siegel, Jae K.Shim ; Alih bahasa, Moh Kurdi =260 ##$$a 2005 $b Jakarta =300 ##$$a viii, 516 hlm, illus, 21 cm =650 ##$$a Akuntansi - kamus =700 ##$$a Shim, Jae K =850 ##$$a NBPNMAT